Analytical chemistry theory and practice (Record no. 45)

MARC details
000 -LEADER
fixed length control field 00446 a2200181 4500
001 - CONTROL NUMBER
control field 001645
003 - CONTROL NUMBER IDENTIFIER
control field OSt
005 - DATE AND TIME OF LATEST TRANSACTION
control field 20211201163911.0
008 - FIXED-LENGTH DATA ELEMENTS--GENERAL INFORMATION
fixed length control field
082 ## - DEWEY DECIMAL CLASSIFICATION NUMBER
Classification number 543
Item number V59A
100 1# - MAIN ENTRY--PERSONAL NAME
Personal name Verma, R.M.
245 1# - TITLE STATEMENT
Title Analytical chemistry theory and practice
Statement of responsibility, etc by R.M. Verma
250 ## - EDITION STATEMENT
Edition statement 3rd ed.
260 ## - PUBLICATION, DISTRIBUTION, ETC. (IMPRINT)
Place of publication, distribution, etc New Delhi
Name of publisher, distributor, etc CBS Publishers
Date of publication, distribution, etc 2010
300 ## - PHYSICAL DESCRIPTION
Extent 561p.
690 ## - LOCAL SUBJECT ADDED ENTRY--TOPICAL TERM (OCLC, RLIN)
Topical term or geographic name as entry element Chemistry, Analytic
942 ## - ADDED ENTRY ELEMENTS (KOHA)
Source of classification or shelving scheme Dewey Decimal Classification
Koha item type Books
Holdings
Withdrawn status Lost status Source of classification or shelving scheme Damaged status Not for loan Collection code Home library Current library Date acquired Source of acquisition Cost, normal purchase price Total Checkouts Full call number Barcode Date last seen Date checked out Price effective from Koha item type
    Dewey Decimal Classification     General Text Book Central University Of Rajasthan Central University Of Rajasthan 28/09/2010 CHM 225.00 16 543 V59A 1637 24/02/2026 12/02/2026 02/09/2020 Books